| 000 | 00851nas a2200265 4500 | ||
|---|---|---|---|
| 001 | BR2014002344 | ||
| 003 | BR-BrBNA | ||
| 005 | 20231205123912.0 | ||
| 007 | ta | ||
| 008 | 230509b bl.|||p| |||| 00| 00por d | ||
| 040 |
_aBR-BrBNA _bpor _cBiblioteca Nacional de Agricultura |
||
| 041 | _a(Pt) | ||
| 072 | _aK10; F40 | ||
| 100 | 1 | _aFonseca, M.G. | |
| 100 | 1 | _aVidal, E. | |
| 100 | 1 | _aSantos, F.A.M. dos | |
| 245 | 1 | _aEfeito da exploração madeireira sobre o número de indivíduos férteis de três espécies arbóreas comerciais na Amazônia Oriental | |
| 650 | _aEXTRAÇÃO DA MADEIRA | ||
| 650 | _aDIAMETRO | ||
| 650 | _aCORTE | ||
| 650 | _aECOLOGIA FLORESTAL | ||
| 773 | 0 |
_tActa Amazonica (Brazil) _xISSN 0044-5967 _g(Dec 2008), v.38(4) p. 681-686 _wBR2014002344 |
|
| 909 |
_a202311 _bLúcia _c55 _dLúcia Elande |
||
| 942 |
_2AGRIS _n0 _cANA |
||
| 999 |
_c236289 _d236289 |
||